000 00436nam a2200133Ia 4500
005 20260328104316.0
008 260328s9999||||xx |||||||||||||| ||und||
100 _aMakstutis, Geoffrey
245 0 _aProcesos del Diseño en Arquitectura Desde el concepto a la Construcción :
_b Identificar y comprender todas las atapas /
_cGeoffrey Makstutis
260 _bPromopress
300 _a192 p.
650 _aDISEÑO Y PLANOS
942 _cBK
999 _c11160
_d11160